[Event "Deutsche Ländermeisterschaft 2019"]
[Site "Würzburg GER"]
[Date "2019.10.06"]
[Round "7"]
[White "Schwartz, Oliver"]
[Black "Fuchs, Emily"]
[Result "1-0"]
[Termination "unterminated"]
[Board "7.6"]
[WhiteElo "1650"]
[BlackElo "1490"]
[WhiteClock "00:07:54"]
[BlackClock "00:03:20"]
[WhiteTeam "Württemberg"]
[BlackTeam "Saarland"]
[PlyCount "125"]
[WhiteFideId "16207459"]
[BlackFideId "16208986"]
[EventCountry "GER"]
[EventRounds "7"]
[EventType "team-swiss"]
[EventDate "2019.10.01"]

1. e4 {[%clk 1:30:57]} e5 {[%clk 1:30:52]} 2. Nf3 {[%clk 1:31:21]} Nc6 {[%clk
1:31:15]} 3. Bc4 {[%clk 1:31:46]} Nf6 {[%clk 1:31:40]} 4. d3 {[%clk 1:32:10]}
Bc5 {[%clk 1:32:00]} 5. c3 {[%clk 1:32:24]} d6 {[%clk 1:32:05]} 6. Bb3 {[%clk
1:32:20]} Be6 {[%clk 1:30:43]} 7. h3 {[%clk 1:25:18]} h6 {[%clk 1:24:01]} 8.
Nbd2 {[%clk 1:23:25]} Qd7 {[%clk 1:19:18]} 9. Nf1 {[%clk 0:57:26]} d5 {[%clk
1:02:04]} 10. Ng3 {[%clk 0:38:12]} dxe4 {[%clk 0:55:37]} 11. dxe4 {[%clk
0:38:11]} Qxd1+ {[%clk 0:52:14]} 12. Bxd1 {[%clk 0:38:20]} O-O-O {[%clk
0:48:07]} 13. Bb3 {[%clk 0:28:16]} Rd6 {[%clk 0:37:38]} 14. Bxe6+ {[%clk
0:26:00]} Rxe6 {[%clk 0:37:16]} 15. O-O {[%clk 0:19:18]} Rd8 {[%clk 0:31:50]}
16. Be3 {[%clk 0:13:29]} Bxe3 {[%clk 0:31:33]} 17. fxe3 {[%clk 0:13:58]} Na5
{[%clk 0:23:19]} 18. b3 {[%clk 0:13:11]} Rd3 {[%clk 0:22:44]} 19. Kf2 {[%clk
0:11:40]} Rxc3 {[%clk 0:21:26]} 20. Rac1 {[%clk 0:12:04]} Rxc1 21. Rxc1 Nc6
{[%clk 0:20:00]} 22. Ke2 {[%clk 0:11:20]} g6 {[%clk 0:18:40]} 23. Nd2 {[%clk
0:10:10]} h5 {[%clk 0:13:59]} 24. Rf1 {[%clk 0:09:01]} Kd7 {[%clk 0:12:35]} 25.
Nh1 {[%clk 0:08:05]} Ke7 {[%clk 0:11:38]} 26. g3 {[%clk 0:08:08]} b5 {[%clk
0:08:11]} 27. Nf2 {[%clk 0:07:37]} a5 {[%clk 0:06:35]} 28. Nd3 {[%clk 0:07:37]}
Nd7 {[%clk 0:06:37]} 29. Rc1 {[%clk 0:07:34]} Kd6 {[%clk 0:06:17]} 30. Nb1
{[%clk 0:07:02]} Na7 {[%clk 0:05:07]} 31. Nc3 {[%clk 0:06:44]} c6 {[%clk
0:04:12]} 32. Nb1 {[%clk 0:06:25]} f5 {[%clk 0:03:04]} 33. Nd2 {[%clk 0:06:31]}
c5 {[%clk 0:02:30]} 34. Rf1 {[%clk 0:06:10]} Rf6 {[%clk 0:02:07]} 35. Nb2
{[%clk 0:05:12]} Ke6 {[%clk 0:01:49]} 36. exf5+ {[%clk 0:05:12]} gxf5 {[%clk
0:01:35]} 37. Nd1 {[%clk 0:05:22]} Nc6 {[%clk 0:01:24]} 38. Nc3 {[%clk
0:05:51]} b4 {[%clk 0:01:12]} 39. Na4 {[%clk 0:06:18]} Kd5 {[%clk 0:01:14]} 40.
Nc4 {[%clk 0:06:01]} e4 {[%clk 0:00:55]} 41. Ncb6+ {[%clk 0:25:21]} Nxb6 {[%clk
0:30:50]} 42. Nxb6+ {[%clk 0:25:50]} Ke6 {[%clk 0:29:07]} 43. Na4 {[%clk
0:25:13]} Rg6 {[%clk 0:20:08]} 44. Nxc5+ {[%clk 0:23:51]} Ke5 {[%clk 0:19:10]}
45. Kf2 {[%clk 0:15:09]} Ne7 {[%clk 0:17:52]} 46. Nd7+ {[%clk 0:14:27]} Kd6
{[%clk 0:16:43]} 47. Rd1+ {[%clk 0:13:55]} Kc7 {[%clk 0:16:14]} 48. Ne5 {[%clk
0:13:06]} Re6 {[%clk 0:14:04]} 49. Nc4 {[%clk 0:12:41]} Rc6 {[%clk 0:13:35]}
50. Rd2 {[%clk 0:12:30]} Rc5 {[%clk 0:12:26]} 51. Nd6 {[%clk 0:09:50]} Ng6
{[%clk 0:07:20]} 52. Ne8+ {[%clk 0:09:14]} Kb6 {[%clk 0:05:18]} 53. Rd6+ {[%clk
0:08:09]} Rc6 {[%clk 0:05:34]} 54. Rxc6+ {[%clk 0:08:17]} Kxc6 {[%clk 0:05:57]}
55. Ng7 {[%clk 0:08:41]} Ne5 {[%clk 0:04:30]} 56. Nxf5 {[%clk 0:08:10]} Nd3+
{[%clk 0:04:44]} 57. Kg2 {[%clk 0:08:01]} Nc1 {[%clk 0:04:48]} 58. g4 {[%clk
0:07:23]} hxg4 {[%clk 0:05:05]} 59. h4 {[%clk 0:06:42]} Nxa2 {[%clk 0:04:01]}
60. h5 {[%clk 0:06:48]} a4 {[%clk 0:04:03]} 61. h6 {[%clk 0:07:00]} axb3 {[%clk
0:03:22]} 62. Nd4+ {[%clk 0:07:26]} Kd6 {[%clk 0:03:20]} 63. Nc2 {[%clk
0:07:54]} 1-0

[Event "Deutsche Ländermeisterschaft 2019"]
[Site "Würzburg GER"]
[Date "2019.10.06"]
[Round "7"]
[White "Bakó, Evelin"]
[Black "Chassard, Cecilia"]
[Result "1-0"]
[Termination "unterminated"]
[Board "7.8"]
[WhiteElo "1209"]
[BlackElo "890"]
[WhiteClock "00:40:22"]
[BlackClock "01:22:06"]
[WhiteTeam "Württemberg"]
[BlackTeam "Saarland"]
[PlyCount "111"]
[WhiteFideId "16271823"]
[BlackFideId "16271831"]
[EventCountry "GER"]
[EventRounds "7"]
[EventType "team-swiss"]
[EventDate "2019.10.01"]

1. e4 {[%clk 1:30:56]} e5 {[%clk 1:30:58]} 2. Nf3 {[%clk 1:31:09]} Nc6 {[%clk
1:31:18]} 3. Bb5 {[%clk 1:30:51]} a6 {[%clk 1:31:39]} 4. Ba4 {[%clk 1:30:43]}
b5 {[%clk 1:32:01]} 5. Bb3 {[%clk 1:30:20]} Bc5 {[%clk 1:32:00]} 6. c3 {[%clk
1:27:32]} Nf6 {[%clk 1:32:04]} 7. d3 {[%clk 1:26:06]} d6 {[%clk 1:31:59]} 8.
O-O {[%clk 1:24:53]} O-O {[%clk 1:31:51]} 9. Re1 {[%clk 1:22:31]} Bg4 {[%clk
1:31:40]} 10. Nbd2 {[%clk 1:21:08]} Ne7 {[%clk 1:30:59]} 11. h3 {[%clk
1:20:16]} Bh5 {[%clk 1:31:13]} 12. Nf1 {[%clk 1:18:56]} Ng6 {[%clk 1:30:30]}
13. Ng3 {[%clk 1:18:03]} Nh4 {[%clk 1:29:44]} 14. Nxh5 {[%clk 1:16:09]} Nxh5
{[%clk 1:29:18]} 15. d4 {[%clk 1:10:00]} Nxf3+ {[%clk 1:29:33]} 16. Qxf3 {[%clk
1:09:51]} Nf6 {[%clk 1:27:30]} 17. dxc5 {[%clk 1:09:41]} dxc5 {[%clk 1:24:08]}
18. Be3 {[%clk 1:05:14]} c4 {[%clk 1:23:13]} 19. Bc2 {[%clk 1:02:43]} Qe7
{[%clk 1:21:08]} 20. Bg5 {[%clk 0:58:04]} h6 {[%clk 1:21:01]} 21. Bxf6 {[%clk
0:57:33]} Qxf6 {[%clk 1:21:17]} 22. Qxf6 {[%clk 0:57:51]} gxf6 {[%clk 1:21:43]}
23. a4 {[%clk 0:52:24]} bxa4 {[%clk 1:21:59]} 24. Rxa4 {[%clk 0:52:26]} Rfb8
{[%clk 1:20:46]} 25. Rb1 {[%clk 0:51:09]} Rb7 {[%clk 1:20:48]} 26. Rxc4 {[%clk
0:50:39]} Rab8 {[%clk 1:20:21]} 27. b3 {[%clk 0:48:25]} Rd8 {[%clk 1:18:34]}
28. Rd1 {[%clk 0:47:47]} Rxd1+ {[%clk 1:18:53]} 29. Bxd1 {[%clk 0:48:08]} Ra7
{[%clk 1:18:21]} 30. Ra4 {[%clk 0:47:26]} Kg7 {[%clk 1:17:52]} 31. Be2 {[%clk
0:46:55]} Kf8 {[%clk 1:17:17]} 32. Rxa6 {[%clk 0:47:07]} Rxa6 {[%clk 1:17:36]}
33. Bxa6 {[%clk 0:47:27]} Ke7 {[%clk 1:17:52]} 34. Kf1 {[%clk 0:47:31]} Kd6
{[%clk 1:18:14]} 35. Ke2 {[%clk 0:47:25]} Kc5 {[%clk 1:18:17]} 36. Kd3 {[%clk
0:47:01]} h5 {[%clk 1:17:51]} 37. Bc4 {[%clk 0:46:45]} h4 {[%clk 1:18:08]} 38.
Bxf7 {[%clk 0:46:54]} c6 {[%clk 1:17:49]} 39. g3 {[%clk 0:46:10]} hxg3 {[%clk
1:18:13]} 40. fxg3 {[%clk 0:46:31]} Kd6 {[%clk 1:18:20]} 41. Be8 {[%clk
0:45:03]} c5 {[%clk 1:18:34]} 42. b4 {[%clk 0:45:14]} f5 {[%clk 1:18:33]} 43.
exf5 {[%clk 0:44:55]} e4+ {[%clk 1:18:33]} 44. Kxe4 {[%clk 0:45:13]} c4 {[%clk
1:18:36]} 45. f6 {[%clk 0:45:11]} Ke6 {[%clk 1:18:54]} 46. b5 {[%clk 0:44:27]}
Kxf6 {[%clk 1:19:11]} 47. b6 {[%clk 0:44:40]} Ke7 {[%clk 1:19:38]} 48. b7
{[%clk 0:44:39]} Kxe8 {[%clk 1:20:02]} 49. b8=Q+ {[%clk 0:44:57]} Kd7 {[%clk
1:20:20]} 50. Kd5 {[%clk 0:40:02]} Ke7 {[%clk 1:20:36]} 51. Qd6+ {[%clk
0:39:47]} Kf7 {[%clk 1:20:57]} 52. Ke5 {[%clk 0:40:04]} Kg7 {[%clk 1:21:12]}
53. Kf5 {[%clk 0:40:07]} Kh7 {[%clk 1:21:26]} 54. Kg5 {[%clk 0:40:11]} Kh8
{[%clk 1:21:42]} 55. Kg6 {[%clk 0:40:22]} Kg8 {[%clk 1:22:06]} 56. Qd8# 1-0

[Event "Deutsche Ländermeisterschaft 2019"]
[Site "Würzburg GER"]
[Date "2019.10.06"]
[Round "7"]
[White "Grund, Sebastian"]
[Black "Tschernatsch, Johannes"]
[Result "0-1"]
[Termination "unterminated"]
[Board "8.3"]
[WhiteElo "2054"]
[BlackElo "2132"]
[WhiteClock "00:01:14"]
[BlackClock "00:05:02"]
[WhiteTeam "Thüringen"]
[BlackTeam "SG Brandenburg / Berlin"]
[PlyCount "220"]
[WhiteFideId "12988626"]
[BlackFideId "16223977"]
[EventCountry "GER"]
[EventRounds "7"]
[EventType "team-swiss"]
[EventDate "2019.10.01"]

1. d4 Nf6 {[%clk 1:30:55]} 2. Nf3 {[%clk 1:31:20]} g6 {[%clk 1:31:21]} 3. c4
{[%clk 1:31:42]} Bg7 {[%clk 1:31:46]} 4. Nc3 {[%clk 1:32:04]} O-O {[%clk
1:32:01]} 5. e4 {[%clk 1:32:21]} d6 {[%clk 1:32:22]} 6. g3 {[%clk 1:32:45]}
Nbd7 {[%clk 1:31:31]} 7. Bg2 {[%clk 1:33:07]} e5 {[%clk 1:31:51]} 8. O-O {[%clk
1:33:31]} c6 9. h3 {[%clk 1:33:38]} Qb6 {[%clk 1:32:06]} 10. c5 {[%clk
1:30:04]} dxc5 {[%clk 1:32:29]} 11. dxe5 {[%clk 1:30:29]} Ne8 {[%clk 1:32:28]}
12. Qc2 {[%clk 1:26:45]} Qc7 {[%clk 1:24:33]} 13. Be3 {[%clk 1:09:14]} b6
{[%clk 1:23:12]} 14. b4 {[%clk 1:08:14]} cxb4 {[%clk 1:21:48]} 15. Ne2 {[%clk
1:06:55]} Nxe5 {[%clk 1:20:47]} 16. Nxe5 {[%clk 1:06:47]} Bxe5 {[%clk 1:20:44]}
17. Rac1 {[%clk 1:06:09]} c5 {[%clk 1:19:48]} 18. Bh6 {[%clk 1:06:03]} Bg7
{[%clk 1:19:35]} 19. Bf4 {[%clk 1:04:31]} Qe7 {[%clk 1:18:46]} 20. Rfd1 {[%clk
0:59:17]} Be6 {[%clk 1:17:05]} 21. Qa4 {[%clk 0:54:39]} Rc8 {[%clk 1:11:01]}
22. Qa6 {[%clk 0:52:45]} g5 {[%clk 1:08:46]} 23. Be3 {[%clk 0:52:37]} h6 {[%clk
1:05:22]} 24. f4 {[%clk 0:51:26]} gxf4 {[%clk 1:05:43]} 25. Bxf4 {[%clk
0:48:39]} c4 {[%clk 1:03:28]} 26. Nd4 {[%clk 0:48:30]} c3 {[%clk 0:56:29]} 27.
Kh2 {[%clk 0:48:12]} Rc5 {[%clk 0:52:38]} 28. Qe2 {[%clk 0:39:29]} f6 {[%clk
0:40:51]} 29. Be3 {[%clk 0:26:15]} Rc8 {[%clk 0:40:53]} 30. Bf4 {[%clk
0:13:53]} Rf7 {[%clk 0:34:51]} 31. Qh5 {[%clk 0:12:36]} Nc7 {[%clk 0:21:27]}
32. Bxh6 {[%clk 0:11:26]} Bxh6 {[%clk 0:21:14]} 33. Qxh6 {[%clk 0:11:50]} Rh7
{[%clk 0:20:53]} 34. Qf4 {[%clk 0:11:28]} Rf8 {[%clk 0:19:31]} 35. Nf5 {[%clk
0:06:54]} Qc5 {[%clk 0:17:06]} 36. Qg4+ {[%clk 0:05:44]} Kh8 {[%clk 0:17:07]}
37. Qg6 {[%clk 0:05:55]} Qe5 {[%clk 0:16:43]} 38. Qg4 {[%clk 0:03:44]} Rg8
{[%clk 0:16:47]} 39. Qf3 {[%clk 0:04:04]} Bxa2 {[%clk 0:17:00]} 40. Nd4 {[%clk
0:02:01]} Be6 {[%clk 0:11:59]} 41. Nc6 {[%clk 0:28:22]} Qg5 {[%clk 0:42:26]}
42. Nxb4 {[%clk 0:28:19]} Bg4 {[%clk 0:42:23]} 43. Qxc3 {[%clk 0:28:13]} Bxd1
{[%clk 0:42:46]} 44. Rxd1 {[%clk 0:28:39]} Rhg7 {[%clk 0:41:04]} 45. g4 {[%clk
0:28:27]} Qe5+ {[%clk 0:40:24]} 46. Qxe5 {[%clk 0:28:48]} fxe5 {[%clk 0:40:51]}
47. Nc6 {[%clk 0:29:04]} a5 {[%clk 0:40:04]} 48. Nxe5 {[%clk 0:28:08]} b5
{[%clk 0:39:51]} 49. Nc6 {[%clk 0:27:30]} a4 {[%clk 0:39:59]} 50. e5 {[%clk
0:27:43]} a3 {[%clk 0:38:01]} 51. Nb4 {[%clk 0:26:47]} Ne6 {[%clk 0:36:11]} 52.
Rd6 {[%clk 0:26:30]} Nf4 {[%clk 0:35:23]} 53. Be4 {[%clk 0:26:10]} Re8 {[%clk
0:33:33]} 54. Rf6 {[%clk 0:24:37]} Ne2 {[%clk 0:32:45]} 55. Rh6+ {[%clk
0:23:33]} Kg8 56. Bd5+ {[%clk 0:23:55]} Kf8 {[%clk 0:33:16]} 57. Rf6+ {[%clk
0:24:18]} Ke7 {[%clk 0:33:28]} 58. Bc6 {[%clk 0:24:40]} a2 {[%clk 0:31:38]} 59.
Nxa2 {[%clk 0:23:02]} Rf8 {[%clk 0:31:39]} 60. Rxf8 {[%clk 0:22:59]} Kxf8
{[%clk 0:32:05]} 61. Bxb5 {[%clk 0:23:20]} Nd4 {[%clk 0:32:27]} 62. Bc4 {[%clk
0:21:22]} Nf3+ {[%clk 0:32:50]} 63. Kg3 {[%clk 0:21:41]} Nxe5 {[%clk 0:33:18]}
64. Be6 {[%clk 0:21:47]} Ra7 {[%clk 0:32:26]} 65. Nb4 {[%clk 0:21:24]} Ra3+
{[%clk 0:32:33]} 66. Kh4 {[%clk 0:19:21]} Nf3+ {[%clk 0:32:40]} 67. Kh5 {[%clk
0:19:40]} Nd4 {[%clk 0:32:56]} 68. Bf5 {[%clk 0:16:48]} Rxh3+ {[%clk 0:33:12]}
69. Kg6 {[%clk 0:17:11]} Rc3 {[%clk 0:32:51]} 70. Nd5 {[%clk 0:17:03]} Rc6+
{[%clk 0:32:55]} 71. Kg5 {[%clk 0:16:44]} Kg7 {[%clk 0:33:10]} 72. Ne7 {[%clk
0:16:31]} Rc5 {[%clk 0:33:27]} 73. Ng6 {[%clk 0:16:04]} Ra5 {[%clk 0:33:04]}
74. Ne7 {[%clk 0:14:17]} Ne6+ {[%clk 0:33:09]} 75. Kh4 {[%clk 0:14:29]} Nd4
{[%clk 0:33:13]} 76. Kg5 {[%clk 0:14:53]} Rc5 {[%clk 0:32:40]} 77. Ng6 {[%clk
0:15:14]} Nc6 {[%clk 0:30:51]} 78. Nf4 {[%clk 0:15:31]} Nd8 {[%clk 0:30:39]}
79. Nh5+ {[%clk 0:15:23]} Kf7 {[%clk 0:29:00]} 80. Nf4 {[%clk 0:15:01]} Ra5
{[%clk 0:28:03]} 81. Kh6 {[%clk 0:14:51]} Nc6 {[%clk 0:27:05]} 82. Bg6+ {[%clk
0:14:54]} Kg8 {[%clk 0:26:21]} 83. Nh5 {[%clk 0:11:36]} Ne7 {[%clk 0:25:29]}
84. Nf6+ {[%clk 0:11:33]} Kh8 {[%clk 0:25:50]} 85. Bf7 {[%clk 0:10:59]} Ra1
{[%clk 0:22:30]} 86. g5 {[%clk 0:10:22]} Rh1+ {[%clk 0:21:45]} 87. Nh5 {[%clk
0:08:43]} Rg1 {[%clk 0:19:13]} 88. Nf6 {[%clk 0:08:21]} Nf5+ {[%clk 0:18:23]}
89. Kg6 {[%clk 0:08:41]} Nh4+ {[%clk 0:18:29]} 90. Kh6 {[%clk 0:09:03]} Nf5+
{[%clk 0:13:44]} 91. Kg6 {[%clk 0:09:28]} Ne7+ {[%clk 0:13:09]} 92. Kh6 {[%clk
0:09:44]} Rf1 {[%clk 0:13:31]} 93. Bg6 {[%clk 0:06:43]} Rh1+ {[%clk 0:10:58]}
94. Bh5 {[%clk 0:06:47]} Rh2 {[%clk 0:08:22]} 95. Ne4 {[%clk 0:05:33]} Ra2
{[%clk 0:05:23]} 96. Bf7 {[%clk 0:05:01]} Rh2+ {[%clk 0:05:23]} 97. Bh5 {[%clk
0:05:25]} Nf5+ {[%clk 0:05:26]} 98. Kg6 {[%clk 0:05:49]} Ng7 {[%clk 0:05:48]}
99. Nf6 {[%clk 0:06:03]} Rg2 {[%clk 0:04:33]} 100. Kh6 {[%clk 0:05:54]} Ne6
{[%clk 0:04:17]} 101. Ne4 {[%clk 0:05:55]} Kg8 {[%clk 0:03:50]} 102. Bf3 {[%clk
0:05:18]} Rh2+ {[%clk 0:03:54]} 103. Bh5 {[%clk 0:05:36]} Nf4 {[%clk 0:03:48]}
104. Nf6+ {[%clk 0:05:39]} Kf8 {[%clk 0:03:26]} 105. g6 {[%clk 0:05:42]} Ke7
{[%clk 0:03:24]} 106. Ng8+ {[%clk 0:01:17]} Ke6 {[%clk 0:03:46]} 107. Kh7
{[%clk 0:00:59]} Nxh5 {[%clk 0:03:59]} 108. Nh6 {[%clk 0:01:11]} Nf6+ {[%clk
0:04:19]} 109. Kg7 {[%clk 0:01:20]} Ne8+ {[%clk 0:04:43]} 110. Kh7 {[%clk
0:01:14]} Kf6 {[%clk 0:05:02]} 0-1

[Event "Deutsche Ländermeisterschaft 2019"]
[Site "Würzburg GER"]
[Date "2019.10.06"]
[Round "7"]
[White "Nguyen, Ha Thanh"]
[Black "Schiewe, Nadin"]
[Result "1/2-1/2"]
[Termination "unterminated"]
[Board "8.5"]
[WhiteElo "2016"]
[BlackElo "1593"]
[WhiteClock "00:09:41"]
[BlackClock "00:10:25"]
[WhiteTeam "Thüringen"]
[BlackTeam "SG Brandenburg / Berlin"]
[PlyCount "67"]
[WhiteFideId "12942154"]
[BlackFideId "16209079"]
[EventCountry "GER"]
[EventRounds "7"]
[EventType "team-swiss"]
[EventDate "2019.10.01"]

1. e4 {[%clk 1:30:58]} c6 {[%clk 1:30:51]} 2. d4 {[%clk 1:31:15]} d5 {[%clk
1:31:08]} 3. exd5 {[%clk 1:31:32]} cxd5 {[%clk 1:31:27]} 4. c4 {[%clk 1:31:43]}
Nf6 {[%clk 1:31:23]} 5. Nc3 {[%clk 1:31:25]} Nc6 {[%clk 1:30:39]} 6. h3 {[%clk
1:21:30]} Bf5 {[%clk 1:22:38]} 7. Nf3 {[%clk 1:20:01]} e6 {[%clk 1:20:32]} 8.
a3 {[%clk 1:19:12]} a6 {[%clk 1:13:12]} 9. Be2 {[%clk 1:16:33]} h6 {[%clk
1:10:52]} 10. O-O {[%clk 1:04:19]} Be7 {[%clk 1:07:21]} 11. Be3 {[%clk
1:02:01]} Rc8 {[%clk 1:01:17]} 12. c5 {[%clk 0:52:38]} Ne4 {[%clk 0:51:17]} 13.
Na4 {[%clk 0:44:37]} Bg5 {[%clk 0:46:01]} 14. Qc1 {[%clk 0:38:36]} Na5 {[%clk
0:40:26]} 15. Bxg5 {[%clk 0:35:46]} hxg5 {[%clk 0:40:05]} 16. Qe3 {[%clk
0:35:08]} g4 {[%clk 0:38:06]} 17. hxg4 {[%clk 0:33:59]} Bxg4 {[%clk 0:37:25]}
18. Rfd1 {[%clk 0:30:43]} Bxf3 {[%clk 0:33:12]} 19. Bxf3 {[%clk 0:30:35]} Qh4
{[%clk 0:31:31]} 20. Kf1 {[%clk 0:24:12]} Nc4 {[%clk 0:27:27]} 21. Qe1 {[%clk
0:24:00]} Qf4 {[%clk 0:25:07]} 22. Ke2 {[%clk 0:24:08]} Ng3+ {[%clk 0:23:44]}
23. Kd3 {[%clk 0:23:14]} Qf5+ {[%clk 0:23:38]} 24. Kc3 {[%clk 0:22:11]} Rh1
{[%clk 0:22:57]} 25. Qxh1 Nxh1 {[%clk 0:23:18]} 26. Rxh1 {[%clk 0:22:54]} Qf4
{[%clk 0:21:15]} 27. Rad1 {[%clk 0:22:41]} b5 {[%clk 0:18:53]} 28. b3 {[%clk
0:22:27]} bxa4 {[%clk 0:15:10]} 29. bxc4 {[%clk 0:22:16]} dxc4 {[%clk 0:15:19]}
30. Kxc4 {[%clk 0:22:19]} Kd7 {[%clk 0:15:18]} 31. Rb1 {[%clk 0:16:50]} Rb8
{[%clk 0:14:01]} 32. c6+ {[%clk 0:13:23]} Ke7 {[%clk 0:14:05]} 33. Rb7+ {[%clk
0:12:32]} Kf6 {[%clk 0:10:25]} 34. Rhb1 {[%clk 0:09:41]} 1/2-1/2

[Event "Deutsche Ländermeisterschaft 2019"]
[Site "Würzburg GER"]
[Date "2019.10.06"]
[Round "7"]
[White "Heinze, Sofie"]
[Black "Ulrich, Helena Irene"]
[Result "0-1"]
[Termination "unterminated"]
[Board "8.8"]
[WhiteElo "1207"]
[BlackElo "1355"]
[WhiteClock "00:36:30"]
[BlackClock "00:31:36"]
[WhiteTeam "SG Brandenburg / Berlin"]
[BlackTeam "Thüringen"]
[PlyCount "67"]
[WhiteFideId "16226461"]
[BlackFideId "16256000"]
[EventCountry "GER"]
[EventRounds "7"]
[EventType "team-swiss"]
[EventDate "2019.10.01"]

1. d4 {[%clk 1:30:58]} Nf6 {[%clk 1:30:53]} 2. c4 {[%clk 1:30:37]} g6 {[%clk
1:31:16]} 3. Nc3 {[%clk 1:30:46]} Bg7 {[%clk 1:31:31]} 4. e4 {[%clk 1:30:43]}
d6 {[%clk 1:31:45]} 5. Nf3 {[%clk 1:30:49]} O-O {[%clk 1:31:36]} 6. Be2 {[%clk
1:31:04]} e5 {[%clk 1:31:20]} 7. dxe5 {[%clk 1:31:17]} dxe5 {[%clk 1:31:43]} 8.
Qxd8 Rxd8 {[%clk 1:32:07]} 9. Bg5 {[%clk 1:31:34]} Re8 {[%clk 1:32:11]} 10. Nd5
{[%clk 1:29:30]} Nxd5 {[%clk 1:29:53]} 11. cxd5 {[%clk 1:29:33]} Nd7 {[%clk
1:27:23]} 12. Bc4 Nc5 {[%clk 1:21:40]} 13. Nd2 {[%clk 1:27:03]} h6 14. Be3
{[%clk 1:26:40]} Nd7 {[%clk 1:14:41]} 15. O-O {[%clk 1:26:34]} Nf6 {[%clk
1:13:18]} 16. Rac1 {[%clk 1:23:30]} Ng4 {[%clk 1:06:22]} 17. Bc5 {[%clk
1:22:00]} Bd7 {[%clk 1:00:03]} 18. Nf3 {[%clk 1:19:53]} Bf8 {[%clk 0:53:43]}
19. Bxf8 {[%clk 1:19:55]} Kxf8 {[%clk 0:53:09]} 20. Rfd1 {[%clk 1:19:47]} Nf6
{[%clk 0:52:26]} 21. Re1 {[%clk 1:16:54]} Rac8 {[%clk 0:49:50]} 22. b3 {[%clk
1:04:07]} Bg4 {[%clk 0:47:17]} 23. Re3 {[%clk 1:03:50]} Bxf3 {[%clk 0:46:21]}
24. Rxf3 {[%clk 1:04:04]} Nxe4 {[%clk 0:45:49]} 25. Rc2 {[%clk 0:52:18]} Nd6
{[%clk 0:41:46]} 26. Bf1 {[%clk 0:49:37]} Nf5 {[%clk 0:40:16]} 27. Rd2 {[%clk
0:48:22]} Nd4 {[%clk 0:39:28]} 28. Re3 {[%clk 0:44:25]} Rcd8 {[%clk 0:37:15]}
29. Bc4 {[%clk 0:44:08]} b5 {[%clk 0:36:33]} 30. Bf1 {[%clk 0:38:01]} Rxd5
{[%clk 0:35:40]} 31. Red3 {[%clk 0:37:01]} a6 {[%clk 0:33:53]} 32. g3 {[%clk
0:37:08]} Red8 {[%clk 0:32:31]} 33. Bg2 {[%clk 0:36:30]} Nf3+ {[%clk 0:31:36]}
34. Bf1 0-1

[Event "Deutsche Ländermeisterschaft 2019"]
[Site "Würzburg GER"]
[Date "2019.10.06"]
[Round "7"]
[White "Fromm, Marius"]
[Black "Gschnitzer, Adrian"]
[Result "1/2-1/2"]
[Termination "unterminated"]
[Board "9.1"]
[BlackTitle "FM"]
[WhiteElo "2124"]
[BlackElo "2405"]
[WhiteTeam "Mecklenburg-Vorpommern"]
[BlackTeam "Baden 1"]
[PlyCount "46"]
[WhiteFideId "12993190"]
[BlackFideId "1270337"]
[EventCountry "GER"]
[EventRounds "7"]
[EventType "team-swiss"]
[EventDate "2019.10.01"]

1. Nf3 d5 2. c4 e6 3. g3 dxc4 4. Qa4+ Nd7 5. Qxc4 a6 6. Bg2 b5 7. Qc2 Bb7 8.
O-O c5 9. b3 Ngf6 10. Bb2 Rc8 11. d3 Be7 12. Nbd2 O-O 13. Rac1 Qb6 14. Qb1 Rfd8
15. Qa1 Ne8 16. Rfd1 Bf6 17. a3 Nb8 18. Ne5 Bxg2 19. Kxg2 Qb7+ 20. Kg1 Qd5 21.
Rc2 Bxe5 22. Bxe5 Nc6 23. Bb2 Na5 1/2-1/2

[Event "Deutsche Ländermeisterschaft 2019"]
[Site "Würzburg GER"]
[Date "2019.10.06"]
[Round "7"]
[White "Schmider, Niklas"]
[Black "Lange, Jannis"]
[Result "1-0"]
[Termination "unterminated"]
[Board "9.2"]
[WhiteElo "2261"]
[BlackElo "2080"]
[WhiteTeam "Baden 1"]
[BlackTeam "Mecklenburg-Vorpommern"]
[PlyCount "66"]
[WhiteFideId "12993778"]
[BlackFideId "12993107"]
[EventCountry "GER"]
[EventRounds "7"]
[EventType "team-swiss"]
[EventDate "2019.10.01"]

1. e4 c5 2. Nf3 Nc6 3. d4 cxd4 4. Nxd4 Nf6 5. Nc3 e5 6. Ndb5 d6 7. Bg5 a6 8.
Na3 b5 9. Nd5 Be7 10. Bxf6 Bxf6 11. c4 b4 12. Nc2 O-O 13. Be2 a5 14. O-O Bg5
15. Qd3 Be6 16. Rad1 Bxd5 17. exd5 Nb8 18. a3 bxa3 19. Nxa3 Nd7 20. Nb5 Nc5 21.
Qc3 f5 22. Ra1 Ne4 23. Qc2 Qb6 24. Bd3 Nxf2 25. c5 dxc5 26. Qxf2 e4 27. Bc4 Qg6
28. Nc7 f4 29. Nxa8 Bf6 30. Kh1 Bd4 31. Qh4 f3 32. gxf3 exf3 33. Rxf3 Rxa8 1-0

[Event "Deutsche Ländermeisterschaft 2019"]
[Site "Würzburg GER"]
[Date "2019.10.06"]
[Round "7"]
[White "Schmekel, Florian"]
[Black "Wu, Luka"]
[Result "1/2-1/2"]
[Termination "unterminated"]
[Board "9.3"]
[WhiteElo "2102"]
[BlackElo "2117"]
[WhiteTeam "Mecklenburg-Vorpommern"]
[BlackTeam "Baden 1"]
[PlyCount "95"]
[WhiteFideId "12913456"]
[BlackFideId "12977420"]
[EventCountry "GER"]
[EventRounds "7"]
[EventType "team-swiss"]
[EventDate "2019.10.01"]

1. d4 Nf6 2. c4 e6 3. Nf3 b6 4. a3 Bb7 5. Nc3 d5 6. cxd5 Nxd5 7. Bg5 Be7 8.
Bxe7 Qxe7 9. e3 O-O 10. Be2 Nd7 11. O-O c5 12. Rc1 Rac8 13. dxc5 Nxc5 14. Nb5
a6 15. Nbd4 b5 16. Ne5 Qf6 17. Nd3 Nxd3 18. Qxd3 Nb6 19. Bf3 Bxf3 20. Nxf3 h6
21. Qe2 Rfd8 22. Nd4 Qe7 23. Qg4 f5 24. Qe2 Qf6 25. Nc6 Rd6 26. Nd4 Qd8 27. b3
Nd5 28. Qb2 Nf6 29. h3 Ne4 30. Rxc8 Qxc8 31. Rc1 Qd7 32. Qc2 e5 33. Qc8+ Qxc8
34. Rxc8+ Kf7 35. Nxf5 Rd1+ 36. Kh2 Nxf2 37. Rc7+ Kf6 38. Ng3 Rd3 39. Rc6+ Kf7
40. Rxa6 Rxb3 41. a4 bxa4 42. Rxa4 Rxe3 43. Ra7+ Kf6 44. Rxg7 Kxg7 45. Nf5+ Kg6
46. Nxe3 Kg5 47. g3 Nd3 48. Kg2 1/2-1/2

[Event "Deutsche Ländermeisterschaft 2019"]
[Site "Würzburg GER"]
[Date "2019.10.06"]
[Round "7"]
[White "Riegel, Arinna"]
[Black "Schumann, Rabea"]
[Result "1-0"]
[Termination "unterminated"]
[Board "9.4"]
[WhiteElo "1894"]
[BlackElo "1922"]
[WhiteTeam "Baden 1"]
[BlackTeam "Mecklenburg-Vorpommern"]
[PlyCount "61"]
[WhiteFideId "12931446"]
[BlackFideId "12918199"]
[EventCountry "GER"]
[EventRounds "7"]
[EventType "team-swiss"]
[EventDate "2019.10.01"]

1. Nf3 d5 2. g3 c5 3. Bg2 Nf6 4. O-O e6 5. d4 cxd4 6. Nxd4 e5 7. Nb3 Nc6 8. Bg5
Be6 9. Nc3 d4 10. Ne4 h6 11. Nxf6+ gxf6 12. Bd2 Qb6 13. e3 Bxb3 14. axb3 Bc5
15. Qf3 Ke7 16. exd4 Nxd4 17. Qe4 Rad8 18. Ba5 Qe6 19. Bxd8+ Rxd8 20. b4 Bb6
21. Qxb7+ Rd7 22. Qe4 f5 23. Qh4+ Ke8 24. c3 Nb3 25. Rad1 Nd2 26. Rfe1 e4 27.
Qf4 Nc4 28. Rxd7 Qxd7 29. Bxe4 fxe4 30. Rxe4+ Kd8 31. Qb8+ 1-0